00305nam a2200097Ia 4500008004100000082001500041100002400056245008200080260003600162300000900198210430s9999 xx 000 0 und d a544 C583 H aHans Thacher Clarke 2aA Handbook of Organic Analysis Qualitative &QuantitativecHans Thacher Clarke aNew delhibCBS Publishersc2007 a291p